| 000 | 00868cam a22002533a 4500 | ||
|---|---|---|---|
| 001 | 3408 | ||
| 003 | PGUSA | ||
| 005 | 20140828083031.0 | ||
| 008 | 020901s2002||||xxu|||||s|||||000 1 eng d | ||
| 040 |
_aPGUSA _beng |
||
| 042 | _adc | ||
| 050 | 4 | _aPR | |
| 100 | 1 |
_aSabatini, Rafael, _d1875-1950 |
|
| 245 | 1 | 4 |
_aThe Shame of Motley : _bbeing the memoir of certain transactions in the life of Lazzaro Biancomonte, of Biancomonte, sometime fool of the court of Pesaro _h[electronic resource] / _cRafael Sabatini |
| 260 |
_bProject Gutenberg, _c2002 |
||
| 506 | _aPublic domain in the USA. | ||
| 516 | _aElectronic text | ||
| 653 | _aBorgia, Cesare, 1476?-1507 -- Fiction | ||
| 653 | _aItaly -- History -- 1492-1559 -- Fiction | ||
| 653 | _aHistorical fiction | ||
| 830 | 0 |
_aProject Gutenberg _v3408 |
|
| 856 | 4 | 0 | _uhttp://www.gutenberg.org/ebooks/3408 |
| 942 | _cEB | ||
| 999 |
_c232737 _d232737 |
||